Kompetenzkonflikte zwischen Vorstand und Hauptversammlung der Aktiengesellschaft im deutschen und griechischen Recht

Αποθηκεύτηκε σε:
Λεπτομέρειες βιβλιογραφικής εγγραφής
Κύριος συγγραφέας: Λογοθέτου-Τριανταφυλλάκη, Φωτεινή
Μορφή: Βιβλίο
Γλώσσα:German
Δημοσίευση: [Rottenburg] : Schwbische Verlagsgesellschaft, 1987
Θέματα:
Ετικέτες: Προσθήκη ετικέτας
Δεν υπάρχουν, Καταχωρήστε ετικέτα πρώτοι!

MARC

LEADER 00000cam a2200000 i 4500
001 1/36368
008 061025s1987 ger d
020 |a 3-88466-017-9 
035 |l 10085802 
040 |a GR-MY-UA  |b gre  |e aacr 
041 0 |a ger 
082 0 |a 346.06642  |2 (22) 
100 1 |a Λογοθέτου-Τριανταφυλλάκη, Φωτεινή. 
245 1 0 |a Kompetenzkonflikte zwischen Vorstand und Hauptversammlung der Aktiengesellschaft im deutschen und griechischen Recht /  |c Fotini Logothetou-Triantafillaki 
260 |a [Rottenburg] :   |b Schwbische Verlagsgesellschaft,   |c 1987 
300 |a XI,324 σ.;  |c 21 εκ. 
500 |a Thesis (doctoral)--Eberhard-Karls-Universitt zu Tbingen 
504 |a Περιλαμβάνει βιβλιογραφικές παραπομπές 
650 0 0 |a Directors of corporations  |x Legal status, laws, etc.  |z Germany (West) 
650 0 0 |a Directors of corporations  |x Legal status, laws, etc.  |z Greece. 
650 0 0 |a Stockholders  |x Legal status, laws, etc  |z Germany (West) 
650 0 0 |a Stockholders  |x Legal status, laws, etc  |z Greece. 
852 |a INST  |b CHIOS  |e 20061025  |h 346.06642 ΛΟΓ  |p 005200026893  |q 005200026893  |t BK  |y 0 
901 |a BIBL2-2006-3 
909 |a Χ  |b 120227 
970 |a ΒΑΣΙΛΑΚΗ  |b ΝΙΚΗ  |z 2006/10/25